00482cam a2200181 a 45000010009000000050017000090080041000260100017000670200038000840200035001220400018001570410008001750800017001830820021002001000007002211010008002282450064002361423052820180110080628.0060113s2006 inua 001 0 eng  a 2006920627 a9780471798323 (pbk. : alk. paper) a0471798320 (pbk. : alk. paper) aDLCcDLCdDLC aeng a371.334 CAK00a371.334 CAK222 a45 aJUR00aBlackboard for dummies /cby Howie Southworth ... [et al.].